| 000 | 01269cam a2200325 i 4500 | ||
|---|---|---|---|
| 001 | 12717 | ||
| 003 | Mx-PuUPA | ||
| 005 | 20240410103500.0 | ||
| 008 | 140415s1994 mx ae fr 000 0 spa d | ||
| 020 | _a9688872571 | ||
| 040 |
_aMx-PuUPA _bspa _cMx-PuUPA _dMx-PuUPA _erda |
||
| 041 | 1 |
_aspa _heng |
|
| 100 | 1 |
_aLittlewood, Michael, _eautor _912073 |
|
| 240 | 1 |
_aLandscape detailing. _nVolume 1. _pEnclosure. _lEspañol |
|
| 245 | 1 | 0 |
_aDiseño urbano. _n1. _pMuros y cerramientos / _cMichael Littlewood ; versión castellana de Santi Castán. |
| 264 | 1 |
_aMéxico : _bEdiciones G. Gili, _c1994 |
|
| 300 |
_a201 páginas : _bilustraciones, planos, diagramas ; _c30 cm |
||
| 336 |
_2rdacontent _atexto _btxt |
||
| 337 |
_2rdamedia _asin medio _bn |
||
| 338 |
_2rdacarrier _avolumen _bnc |
||
| 490 | 0 | _aDetalles | |
| 650 | 7 |
_aCercas _xDiseño y construcción _2armarc |
|
| 650 | 7 |
_aJardines _xDiseño y construcción _2armarc |
|
| 650 | 7 |
_aMuros _xDiseño y construcción _2armarc |
|
| 700 | 1 |
_aCastan, Santi, _etraductor |
|
| 765 | 0 | 8 |
_aLittlewood, Michael, _d[Lugar de publicación no identificado] : Butterwoth-Heinemann, 1993 _tLandscape detailing. Volume 1. Enclosure. |
| 942 |
_2ddc _cLI _h717 _iL775 |
||
| 999 |
_c12717 _d12717 |
||